[Event "Politiken Cup 2012"]
[Site "Helsingør "]
[Date "2012.07.28"]
[Round "1.104"]
[White "Jorgensen, Carina Eilegaard"]
[Black "Bremer, Erik"]
[Result "1-0"]
[WhiteElo "2039"]
[BlackElo "1547"]
[PlyCount "59"]
[EventDate "2012.07.28"]

1. c4 Nf6 2. g3 d5 3. cxd5 Qxd5 4. Nf3 c6 5. Nc3 Qa5 6. Bg2 e6 7. O-O Nbd7 8.
b3 Be7 9. Bb2 O-O 10. a3 Re8 11. b4 Qd8 12. d4 a5 13. b5 c5 14. a4 Nb6 15. Ba3
cxd4 16. Bxe7 Qxe7 17. Qxd4 Nbd5 18. Nxd5 Nxd5 19. e4 Nf6 20. e5 Nd5 21. Nd2
Rd8 22. Nc4 Nb4 23. Qe4 Ra7 24. Rfd1 b6 25. Nd6 Rc7 26. Rac1 Rdd7 27. Qa8 Qd8
28. Bf3 f6 29. Nxc8 Qxc8 30. Qxc8+ 1-0

[Event "Politiken Cup 2012"]
[Site "Helsingør "]
[Date "2012.07.28"]
[Round "1.121"]
[White "Jensen, Morten Frank"]
[Black "Nielsen, Bjorn"]
[Result "1-0"]
[WhiteElo "2037"]
[BlackElo "1534"]
[PlyCount "77"]
[EventDate "2012.07.28"]

1. b3 e5 2. Bb2 d6 3. e3 c5 4. d4 Nc6 5. Bb5 Bd7 6. Nf3 e4 7. Nfd2 d5 8. dxc5
Bxc5 9. Bxg7 Qg5 10. Bxh8 Nf6 11. Nc3 O-O-O 12. Bxf6 Qxf6 13. Nxd5 Qg6 14. Nf4
Qf5 15. Qh5 Qf6 16. O-O Bf5 17. Rad1 Ne5 18. Be2 Be7 19. Nc4 Bg6 20. Rxd8+ Kxd8
21. Qxe5 Qxe5 22. Nxe5 f5 23. Rd1+ Ke8 24. Bb5+ Kf8 25. Nfxg6+ hxg6 26. Nxg6+
Kf7 27. Nxe7 Kxe7 28. h4 a6 29. Bd7 f4 30. h5 fxe3 31. Re1 exf2+ 32. Kxf2 Kxd7
33. h6 e3+ 34. Rxe3 a5 35. h7 b5 36. h8=Q a4 37. Qf6 axb3 38. Re7+ Kd8 39. Qf8#
1-0

[Event "Politiken Cup 2012"]
[Site "Helsingør "]
[Date "2012.07.28"]
[Round "1.124"]
[White "Edwardsson, Hannu Kalervo"]
[Black "Nielsen, Borge Hjerrild"]
[Result "0-1"]
[WhiteElo "1464"]
[BlackElo "2035"]
[PlyCount "60"]
[EventDate "2012.07.28"]

1. e4 c5 2. c4 Nc6 3. Nf3 d6 4. Be2 Bg4 5. O-O g6 6. Nc3 Bg7 7. d3 e6 8. Bd2
Nge7 9. a3 O-O 10. Rb1 Rb8 11. b4 b6 12. bxc5 dxc5 13. Na4 Bxf3 14. gxf3 Nd4
15. Bc3 Nec6 16. Bxd4 Nxd4 17. f4 Qh4 18. f5 Be5 19. f4 Bxf4 20. Rxf4 Qxf4 21.
Rb2 exf5 22. exf5 Rbe8 23. Nc3 Qxf5 24. Qd2 Qe5 25. Kh1 Kg7 26. Kg1 f5 27. Kh1
f4 28. Bg4 h5 29. Bd1 f3 30. Qf2 Qe1+ 0-1

[Event "Politiken Cup 2012"]
[Site "Helsingør "]
[Date "2012.07.28"]
[Round "1.130"]
[White "Johansen, Stian"]
[Black "Marthedal, Anton Mehmet Yildiz"]
[Result "1-0"]
[WhiteElo "2021"]
[BlackElo "1334"]
[PlyCount "73"]
[EventDate "2012.07.28"]

1. e4 d5 2. exd5 Qxd5 3. Nc3 Qa5 4. b4 Qb6 5. Nf3 Bg4 6. h3 Bh5 7. a3 Nd7 8. d3
Qe6+ 9. Be3 O-O-O 10. g4 Bg6 11. Nd4 Qe5 12. Ndb5 a6 13. d4 Qe6 14. Na7+ Kb8
15. b5 Nb6 16. bxa6 Kxa7 17. Nb5+ Kb8 18. a7+ Kc8 19. d5 Qe5 20. Be2 Na8 21. c4
c6 22. Rc1 e6 23. Nc3 Bxa3 24. Bd4 Qf4 25. Ra1 e5 26. Be3 Bb2 27. Bxf4 Bxc3+
28. Bd2 Bxa1 29. Qxa1 cxd5 30. Qxe5 dxc4 31. Ba5 b6 32. O-O bxa5 33. Qb8+ Kd7
34. Rd1+ Bd3 35. Bxd3 Nf6 36. Bf5+ Ke7 37. Re1+ 1-0

[Event "Politiken Cup 2012"]
[Site "Helsingør "]
[Date "2012.07.28"]
[Round "1.120"]
[White "Kyrkjebo, Hanna B"]
[Black "Percivaldi, Martin"]
[Result "0-1"]
[WhiteElo "1536"]
[BlackElo "2015"]
[PlyCount "176"]
[EventDate "2012.07.28"]

1. e4 e6 2. d3 d5 3. Nd2 c5 4. Ngf3 Nc6 5. g3 g6 6. Bg2 Bg7 7. O-O Nge7 8. Re1
b6 9. Nb3 h6 10. c3 O-O 11. d4 c4 12. Nbd2 b5 13. Nf1 a5 14. Bd2 Qb6 15. e5 b4
16. Rb1 Rb8 17. Qc1 Kh7 18. Ne3 Bd7 19. Ng4 Ng8 20. Bf4 Rb7 21. Nf6+ Nxf6 22.
exf6 Bxf6 23. Bxh6 Ra8 24. Bf4 a4 25. Be3 Qa5 26. Bd2 Qa6 27. Qd1 bxc3 28. bxc3
Rab8 29. Qc2 a3 30. Rxb7 Rxb7 31. Rb1 Rb5 32. Bc1 Be7 33. Rxb5 Qxb5 34. Qd2 Kg8
35. Ng5 Qb1 36. Nf3 Bf8 37. Bf1 f6 38. Ne1 Na7 39. Qc2 Qxc2 40. Nxc2 Nb5 41.
Bd2 Bd6 42. Ne3 Bc7 43. Bh3 Ba5 44. Nxd5 Kf7 45. Ne3 Nxd4 46. cxd4 Bxd2 47.
Nxc4 Bc1 48. Bg2 Ke7 49. Bf1 Bc6 50. Ne3 Bxe3 51. fxe3 Bd5 52. Bd3 Bxa2 53. Kf2
Bb3 54. Bb1 a2 55. Bxa2 Bxa2 56. Kf3 f5 57. h4 Bd5+ 58. Kf4 Kf6 59. g4 fxg4 60.
Kxg4 Bc4 61. Kf4 Be2 62. Ke4 Bg4 63. Kf4 Bf5 64. e4 Bh3 65. d5 e5+ 66. Kg3 Bd7
67. Kf3 Ke7 68. Ke3 Kd6 69. Kd3 Kc5 70. Kc3 Bb5 71. d6 Kxd6 72. Kd2 Kc5 73. Ke3
Ba6 74. Kf3 Kd4 75. Kg4 Be2+ 76. Kg3 Kxe4 77. Kf2 Bh5 78. Ke1 Ke3 79. Kf1 Kd2
80. Kf2 e4 81. Kg3 e3 82. Kg2 e2 83. Kh2 e1=Q 84. Kh3 Qf1+ 85. Kh2 Qf2+ 86. Kh3
Bf3 87. h5 Qg2+ 88. Kh4 g5# 0-1

[Event "Politiken Cup 2013"]
[Site "Helsingør "]
[Date "2013.07.28"]
[Round "2.1"]
[White "Cheparinov, Ivan"]
[Black "Rydstrom, Tom"]
[Result "1-0"]
[WhiteElo "2678"]
[BlackElo "2172"]
[PlyCount "149"]
[EventDate "2013.07.27"]

1. e4 e5 2. Nf3 Nc6 3. Bb5 a6 4. Ba4 Nf6 5. O-O Be7 6. Re1 b5 7. Bb3 d6 8. c3
O-O 9. h3 Na5 10. Bc2 c5 11. d4 cxd4 12. cxd4 Qc7 13. Bd3 Bd7 14. b3 Nc6 15.
Bb2 Rfe8 16. a3 Bd8 17. Nbd2 Qb7 18. d5 Ne7 19. a4 Ng6 20. Ba3 Nf4 21. Bf1 Bb6
22. a5 Bc7 23. Bb4 Rac8 24. Nh2 Qa7 25. Ndf3 Bb8 26. Ra2 Red8 27. Kh1 Qc7 28.
Ng1 Ba7 29. Qf3 Ng6 30. Ng4 Nxg4 31. hxg4 Bc5 32. Bd2 Qa7 33. Nh3 Rc7 34. g3
Rdc8 35. Rc1 Bd4 36. Rxc7 Rxc7 37. Kg2 Qb8 38. Qd1 Qc8 39. Be2 h5 40. f3 hxg4
41. fxg4 Nf8 42. Ng1 Bc3 43. Be3 Bb4 44. g5 Be8 45. Nf3 Qg4 46. Qb1 Qc8 47. Nh4
Bd7 48. Nf5 Bxf5 49. exf5 Bc5 50. Bd2 Bd4 51. Qe4 Nd7 52. b4 Nf8 53. Bd3 Nh7
54. f6 g6 55. Qh4 Kh8 56. Qh6 Qf8 57. Qh3 Qc8 58. Qxc8+ Rxc8 59. Kf3 Kg8 60.
Ke4 Kf8 61. Be2 Ke8 62. Kd3 Kd8 63. Ra3 Rc4 64. Bf3 Nf8 65. Ke2 Nd7 66. Rb3 Ba7
67. Bg2 e4 68. Rb1 e3 69. Bxe3 Rc2+ 70. Bd2 Ne5 71. Kd1 Ra2 72. Bf1 Nf3 73. Bf4
Rf2 74. Bd3 Kd7 75. Be2 1-0

[Event "Politiken Cup 2013"]
[Site "Helsingør "]
[Date "2013.07.28"]
[Round "2.4"]
[White "Klings, Peter"]
[Black "Melkumyan, Hrant"]
[Result "0-1"]
[WhiteElo "2167"]
[BlackElo "2632"]
[PlyCount "76"]
[EventDate "2013.07.27"]

1. g3 e5 2. Bg2 d5 3. d3 c5 4. Nf3 Nc6 5. O-O Be7 6. c4 d4 7. e3 Nf6 8. exd4
exd4 9. Re1 O-O 10. Bg5 h6 11. Bxf6 Bxf6 12. Nbd2 Bf5 13. Ne4 Be7 14. a3 Qc7
15. Qe2 Rae8 16. Qf1 Bd7 17. Ned2 f5 18. Re2 g5 19. Ne1 a5 20. Bd5+ Kg7 21. f4
gxf4 22. gxf4 Kh7 23. Ng2 Bd6 24. Rae1 Rxe2 25. Rxe2 Ne7 26. Be6 Bc6 27. Nf3
Bxf4 28. Nxf4 Qxf4 29. Ne5 Qg5+ 30. Kf2 Rf6 31. Nxc6 bxc6 32. Qh3 Ng6 33. Bd7
Ne5 34. Be8 Rf8 35. Rxe5 Qf4+ 36. Qf3 Qxe5 37. Bxc6 Qxh2+ 38. Ke1 Rf7 0-1

[Event "Politiken Cup 2013"]
[Site "Helsingør "]
[Date "2013.07.28"]
[Round "2.5"]
[White "Erenburg, Sergey"]
[Black "Rorvik, Jon F"]
[Result "1-0"]
[WhiteElo "2615"]
[BlackElo "2154"]
[PlyCount "77"]
[EventDate "2013.07.27"]

1. e4 e5 2. Nf3 Nc6 3. Bb5 a6 4. Ba4 Nf6 5. O-O Nxe4 6. d4 b5 7. Bb3 d5 8. dxe5
Be6 9. Nbd2 Be7 10. c3 O-O 11. Bc2 Nxd2 12. Qxd2 Qd7 13. Re1 Rfe8 14. Ng5 Bxg5
15. Qxg5 Ne7 16. Be3 Bf5 17. Bb3 c6 18. Bc5 Ng6 19. Qg3 Qd8 20. Bd6 Qh4 21. a4
Qxg3 22. hxg3 Bd3 23. Re3 Bf5 24. Ree1 h6 25. f3 Nf8 26. g4 Bh7 27. Kf2 Nd7 28.
axb5 axb5 29. Rxa8 Rxa8 30. e6 fxe6 31. Rxe6 Nf6 32. Re7 Rc8 33. Be5 Ne8 34.
Ke3 Kf8 35. Ra7 Bg6 36. Ba2 Nf6 37. b4 Be8 38. Bb1 Nd7 39. Bf5 1-0

[Event "Politiken Cup 2013"]
[Site "Helsingør "]
[Date "2013.07.28"]
[Round "2.6"]
[White "Nielsen, John Bauneborg"]
[Black "Van Kampen, Robin"]
[Result "0-1"]
[WhiteElo "2161"]
[BlackElo "2595"]
[PlyCount "64"]
[EventDate "2013.07.27"]

1. d4 Nf6 2. c4 g6 3. Nc3 Bg7 4. g3 O-O 5. Bg2 d6 6. e3 e5 7. Nge2 Qe7 8. O-O
Re8 9. b3 c6 10. Ba3 e4 11. Qc2 h5 12. b4 a6 13. Rab1 b5 14. d5 bxc4 15. dxc6
Nxc6 16. b5 axb5 17. Nxb5 Rxa3 18. Nxa3 d5 19. Nb5 h4 20. Rfd1 Ne5 21. Nf4 Nd3
22. Nc3 Qe5 23. Rb5 Bd7 24. Ra5 Bc6 25. Nb5 g5 26. Nxd3 exd3 27. Qc3 Qxc3 28.
Nxc3 Ne4 29. Nxd5 Bxd5 30. Rxd5 Nc3 31. Rf1 Nxd5 32. Bxd5 c3 0-1

[Event "Politiken Cup 2013"]
[Site "Helsingør "]
[Date "2013.07.28"]
[Round "2.10"]
[White "Eriksson, Christian"]
[Black "Halkias, Stelios"]
[Result "0-1"]
[WhiteElo "2143"]
[BlackElo "2565"]
[PlyCount "78"]
[EventDate "2013.07.27"]

1. e4 e5 2. Nf3 d6 3. d4 exd4 4. Nxd4 Nf6 5. Nc3 Be7 6. Be2 O-O 7. O-O Re8 8.
f4 Bf8 9. Bf3 c5 10. Nb3 Nc6 11. Re1 a5 12. a4 Be6 13. Be3 g6 14. h3 Nb4 15.
Kh1 Bg7 16. Qd2 Qb6 17. Ra3 Rad8 18. Qf2 Nd7 19. Rd1 Nf6 20. Re1 Qc7 21. Nb5
Qb8 22. Nc3 b6 23. Qe2 Bc8 24. Bc1 Bb7 25. Qd1 Qa8 26. Nd2 d5 27. e5 Ne4 28.
Kg1 f5 29. Nf1 Qb8 30. Nb5 d4 31. Qe2 Kh8 32. Kh2 g5 33. g3 c4 34. Bxe4 fxe4
35. Nd6 Rxd6 36. exd6 Qxd6 37. Qh5 Rf8 38. Bd2 Nxc2 39. Raa1 e3 0-1

[Event "Politiken Cup 2013"]
[Site "Helsingør "]
[Date "2013.07.28"]
[Round "2.11"]
[White "Hansen, Sune Berg"]
[Black "Thybo, Jesper Sondergaard"]
[Result "1-0"]
[WhiteElo "2549"]
[BlackElo "2097"]
[PlyCount "75"]
[EventDate "2013.07.27"]

1. Nf3 Nf6 2. g3 g6 3. Bg2 Bg7 4. O-O d5 5. d4 O-O 6. Nbd2 c6 7. c4 Bf5 8. b3
Nbd7 9. Bb2 Ne4 10. Nh4 Nxd2 11. Qxd2 Be6 12. e4 dxe4 13. Bxe4 Bh3 14. Rfe1 e5
15. d5 cxd5 16. Qxd5 Rb8 17. Rad1 Qb6 18. Bg2 Be6 19. Qd6 Qa5 20. Qa3 Qc7 21.
Nf3 Bg4 22. h3 Bxf3 23. Bxf3 b6 24. Qd6 Qxd6 25. Rxd6 Nc5 26. Bxe5 Rbe8 27. Rd5
Re6 28. Re3 Bh6 29. Re2 Rfe8 30. Kf1 Bg7 31. Bf4 Rxe2 32. Bxe2 Bc3 33. Bh6 f6
34. Be3 Ne4 35. Kg2 Be1 36. Bf3 f5 37. Rd7 Nxg3 38. Bd5+ 1-0

[Event "Politiken Cup 2013"]
[Site "Helsingør "]
[Date "2013.07.28"]
[Round "2.12"]
[White "Kristensen, Kjell Ole"]
[Black "Maze, Sebastien"]
[Result "0-1"]
[WhiteElo "2141"]
[BlackElo "2547"]
[PlyCount "36"]
[EventDate "2013.07.27"]

1. e4 c5 2. Nf3 Nc6 3. d4 cxd4 4. Nxd4 g6 5. Nc3 Bg7 6. Be3 Nf6 7. Nb3 d6 8. h3
O-O 9. Qd2 a5 10. Bb5 Bd7 11. f4 a4 12. Nc1 a3 13. Nd3 Qa5 14. Nf2 axb2 15. Rb1
Ng4 16. Nfd1 Nxe3 17. Qxe3 Nb4 18. Bd3 Nxa2 0-1

[Event "Politiken Cup 2013"]
[Site "Helsingør "]
[Date "2013.07.28"]
[Round "2.54"]
[White "Bulski, Krzysztof"]
[Black "Willumsen, Henrik"]
[Result "1-0"]
[WhiteElo "2534"]
[BlackElo "2127"]
[PlyCount "57"]
[EventDate "2013.07.27"]

1. d4 d5 2. c4 c6 3. Nf3 Nf6 4. e3 e6 5. Nbd2 c5 6. cxd5 exd5 7. b3 Nc6 8. Bb2
Bg4 9. Be2 Bxf3 10. Nxf3 cxd4 11. Nxd4 Bb4+ 12. Kf1 Ne4 13. Nxc6 bxc6 14. g3
Qg5 15. Kg2 O-O 16. Rc1 Rae8 17. Bf3 Nxf2 18. Kxf2 Qxe3+ 19. Kg2 c5 20. Qf1 d4
21. a3 Bc3 22. Bxc3 dxc3 23. Re1 Qxe1 24. Qxe1 Rxe1 25. Rxe1 c2 26. Rc1 Rb8 27.
Rxc2 Rxb3 28. Rxc5 Kf8 29. Ra5 1-0

[Event "Politiken Cup 2013"]
[Site "Helsingør "]
[Date "2013.07.28"]
[Round "2.14"]
[White "Smerdon, David"]
[Black "Christiansen, Jens Jorgen"]
[Result "1-0"]
[WhiteElo "2521"]
[BlackElo "2121"]
[PlyCount "47"]
[EventDate "2013.07.27"]

1. e4 c6 2. Nf3 d5 3. Nc3 dxe4 4. Nxe4 Bg4 5. Neg5 Qd5 6. d4 Bxf3 7. Nxf3 e6 8.
c4 Bb4+ 9. Bd2 Qa5 10. Qb3 Bxd2+ 11. Nxd2 Nd7 12. Qc3 Qxc3 13. bxc3 c5 14. Ne4
Ke7 15. Rb1 Rb8 16. Rb5 Ngf6 17. Nxc5 Nxc5 18. Rxc5 Ne4 19. Ra5 a6 20. Bd3 Nf6
21. Kd2 Rhd8 22. Rb1 g6 23. f3 Nd7 24. Be4 1-0

[Event "Politiken Cup 2013"]
[Site "Helsingør "]
[Date "2013.07.28"]
[Round "2.15"]
[White "Hansen, Morten Moller"]
[Black "Glud, Jakob Vang"]
[Result "0-1"]
[WhiteElo "2126"]
[BlackElo "2520"]
[PlyCount "98"]
[EventDate "2013.07.27"]

1. d4 d5 2. c4 e6 3. Nf3 Nf6 4. g3 Bb4+ 5. Bd2 Be7 6. Bg2 O-O 7. Qc2 c6 8. O-O
Nbd7 9. Rd1 a5 10. Bf4 Nh5 11. Nc3 Nxf4 12. gxf4 Bd6 13. e3 Qe7 14. Bf1 Rd8 15.
Bd3 Nf8 16. c5 Bc7 17. Na4 Bd7 18. Kh1 Be8 19. Rg1 f6 20. Nh4 Bh5 21. Be2 Qe8
22. Rg2 Rd7 23. Rag1 Kh8 24. Qd1 Bxe2 25. Qxe2 Rad8 26. Qg4 Qf7 27. Nf3 Re8 28.
Qh3 Qg8 29. Nh4 Qf7 30. Qg4 e5 31. fxe5 fxe5 32. Nf5 g6 33. Ng3 exd4 34. Qxd4+
Be5 35. Qd2 d4 36. exd4 Rxd4 37. Qc2 Qxa2 38. Nc3 Qc4 39. Nge4 Red8 40. f3 Ne6
41. Nd6 Bxd6 42. cxd6 Nf4 43. Rg4 R8xd6 44. Qb1 Nh3 45. Rxd4 Qxd4 46. Re1 Rd8
47. Qc2 Rf8 48. Qe2 Nf2+ 49. Kg2 Nd3 0-1

[Event "Politiken Cup 2013"]
[Site "Helsingør "]
[Date "2013.07.28"]
[Round "2.16"]
[White "Danielsen, Henrik"]
[Black "Pedersen, Henrik Bolding"]
[Result "1-0"]
[WhiteElo "2510"]
[BlackElo "2118"]
[PlyCount "60"]
[EventDate "2013.07.27"]

1. e4 c6 2. d4 d5 3. exd5 cxd5 4. Bf4 Nc6 5. Nc3 a6 6. Qd2 g6 7. Nf3 Bg7 8. Ne5
Nf6 9. Be2 Be6 10. O-O-O Rc8 11. Kb1 O-O 12. h4 Qa5 13. h5 Nb4 14. a3 Nxc2 15.
Qxc2 Ne4 16. Bd2 Nxf2 17. hxg6 fxg6 18. Qb3 Nxd1 19. Rxd1 Qc7 20. Bf3 Bf5+ 21.
Ka1 e6 22. Re1 h5 23. Bf4 Qe7 24. Bd2 Qh4 25. g4 Bxg4 26. Bxg4 hxg4 27. Nxg6
Qh2 28. Ne7+ Kh8 29. Qd1 g3 30. Rh1 Rf2 1-0

[Event "Politiken Cup 2013"]
[Site "Helsingør "]
[Date "2013.07.28"]
[Round "2.17"]
[White "Ivarsson, Torbjorn"]
[Black "Hector, Jonny"]
[Result "0-1"]
[WhiteElo "2121"]
[BlackElo "2509"]
[PlyCount "40"]
[EventDate "2013.07.27"]

1. Nf3 d5 2. d4 Nf6 3. Bf4 c5 4. e3 Nc6 5. c3 Qb6 6. Qb3 c4 7. Qxb6 axb6 8. Na3
Bf5 9. Ne5 Ra5 10. f3 e6 11. g4 Bxa3 12. bxa3 Bg6 13. Nxg6 hxg6 14. Kd2 Kd7 15.
Be2 Rxa3 16. Rhb1 Rha8 17. Rb2 b5 18. Kc2 b4 19. cxb4 b5 20. Bg3 Rxe3 0-1

[Event "Politiken Cup 2013"]
[Site "Helsingør "]
[Date "2013.07.28"]
[Round "2.18"]
[White "Kunin, Vitaly"]
[Black "Olofsson-Dolk, Mattis"]
[Result "1-0"]
[WhiteElo "2502"]
[BlackElo "2113"]
[PlyCount "93"]
[EventDate "2013.07.27"]

1. e4 c5 2. Nf3 d6 3. c3 Nf6 4. h3 e6 5. Bd3 Be7 6. O-O O-O 7. Bc2 Nc6 8. d4
cxd4 9. cxd4 Qc7 10. Nc3 a6 11. Re1 Rd8 12. Qe2 b5 13. e5 dxe5 14. dxe5 Nd7 15.
Bf4 Bb7 16. Rac1 Rac8 17. Ne4 Qb8 18. Rcd1 Nb4 19. Bb1 Nd5 20. Bg3 Qa8 21. Rd4
Nf8 22. Nd6 Bxd6 23. exd6 Nf6 24. Red1 N8d7 25. Ne1 Rc5 26. f3 Rd5 27. Nc2 Rc8
28. Rxd5 Nxd5 29. Nd4 Rc4 30. Nxe6 Qa7+ 31. Bf2 Qb8 32. Ng5 h6 33. Qd3 N5f6 34.
Nh7 Nd5 35. Ng5 N5f6 36. b3 Rc8 37. Nh7 Nd5 38. Ng5 N5f6 39. Ne4 Nxe4 40. fxe4
Re8 41. e5 g6 42. Qd2 Kh7 43. Qf4 Nxe5 44. d7 Rd8 45. Bg3 f6 46. Qxf6 Nf3+ 47.
Kh1 1-0

[Event "Politiken Cup 2013"]
[Site "Helsingør "]
[Date "2013.07.28"]
[Round "2.19"]
[White "Eddy, Samuel"]
[Black "Rasmussen, Allan Stig"]
[Result "0-1"]
[WhiteElo "2096"]
[BlackElo "2502"]
[PlyCount "60"]
[EventDate "2013.07.27"]

1. d4 f5 2. Bg5 h6 3. Bh4 g5 4. e4 Nf6 5. e5 e6 6. Bg3 f4 7. Bd3 Bg7 8. Bxf4
gxf4 9. exf6 Qxf6 10. Qh5+ Kd8 11. Nf3 Nc6 12. c3 e5 13. Nbd2 exd4 14. Ne4 Qe7
15. O-O dxc3 16. Rfe1 Ne5 17. Nxe5 Bxe5 18. Nxc3 d6 19. Nd5 Qg7 20. Bg6 Bd7 21.
Qh4+ Kc8 22. Rac1 c6 23. Ne7+ Kb8 24. Bf5 Bxf5 25. Nxf5 Qf7 26. Rxe5 dxe5 27.
Nd6 Qe6 28. Ne4 b6 29. Ng5 Qf6 30. Qh3 hxg5 0-1

[Event "Politiken Cup 2013"]
[Site "Helsingør "]
[Date "2013.07.28"]
[Round "2.21"]
[White "Thaler, Toni"]
[Black "Andersen, Mads"]
[Result "0-1"]
[WhiteElo "2091"]
[BlackElo "2477"]
[PlyCount "62"]
[EventDate "2013.07.27"]

1. f4 c5 2. g3 g6 3. Bg2 Bg7 4. Nh3 Nc6 5. Nf2 e6 6. O-O Nge7 7. c3 O-O 8. d3
d6 9. a4 Rb8 10. e4 e5 11. Nd2 exf4 12. gxf4 f5 13. Nf3 Kh8 14. Be3 b6 15. h4
fxe4 16. dxe4 d5 17. h5 dxe4 18. Nxe4 Nf5 19. Bf2 gxh5 20. Nfd2 Nh4 21. Qxh5
Nxg2 22. Kxg2 Bf5 23. Bh4 Qd5 24. Qf3 Rbe8 25. Rae1 Bg6 26. c4 Qd7 27. b3 Nd4
28. Qd1 Qc6 29. Qb1 Nf5 30. Kh3 Qd7 31. Rf2 Ne3+ 0-1

[Event "Politiken Cup 2013"]
[Site "Helsingør "]
[Date "2013.07.28"]
[Round "2.22"]
[White "Svane, Rasmus"]
[Black "Skjoldager, Mikael"]
[Result "1-0"]
[WhiteElo "2427"]
[BlackElo "2088"]
[PlyCount "43"]
[EventDate "2013.07.27"]

1. Nf3 Nf6 2. c4 b6 3. g3 Bb7 4. Bg2 e6 5. O-O c5 6. Nc3 Be7 7. d4 cxd4 8. Qxd4
d6 9. Bg5 Nc6 10. Qf4 O-O 11. Rfd1 a6 12. Bxf6 gxf6 13. Ne4 Ne5 14. Nxe5 fxe5
15. Qh6 Ra7 16. Rxd6 Bxd6 17. Nf6+ Qxf6 18. Qxf6 Bxg2 19. Kxg2 Rd7 20. h4 Rc8
21. h5 Rxc4 22. Qg5+ 1-0

[Event "Politiken Cup 2013"]
[Site "Helsingør "]
[Date "2013.07.28"]
[Round "2.23"]
[White "Nielsen, Jan Mose"]
[Black "Lund, Silas"]
[Result "0-1"]
[WhiteElo "2088"]
[BlackElo "2421"]
[PlyCount "82"]
[EventDate "2013.07.27"]

1. e4 e6 2. d4 d5 3. Nd2 Nf6 4. Bd3 c5 5. c3 Nc6 6. Ngf3 cxd4 7. cxd4 dxe4 8.
Nxe4 Be7 9. Nc3 O-O 10. O-O b6 11. Bg5 Bb7 12. Rc1 Rc8 13. a3 Nd5 14. Bd2 Nxc3
15. Bxc3 Bf6 16. Be4 Na5 17. Bxb7 Nxb7 18. Qa4 a5 19. Rfd1 Qd5 20. Qc2 Nd6 21.
Qe2 Rfd8 22. h3 Nf5 23. Qa6 Rb8 24. Ne5 Bxe5 25. dxe5 Qxd1+ 26. Rxd1 Rxd1+ 27.
Kh2 Rd7 28. Qb5 Rdd8 29. b4 Nd4 30. Bxd4 Rxd4 31. Qc6 axb4 32. axb4 b5 33. Kg3
Rxb4 34. Qc7 Rf8 35. Qc5 Rb3+ 36. Kg4 b4 37. g3 h6 38. h4 Rd8 39. h5 Rbd3 40.
f4 Rb8 41. Qa7 Rdd8 0-1

[Event "Politiken Cup 2013"]
[Site "Helsingør "]
[Date "2013.07.28"]
[Round "2.25"]
[White "Poulsen, Iver"]
[Black "Bekker-Jensen, Simon"]
[Result "1/2-1/2"]
[WhiteElo "2087"]
[BlackElo "2414"]
[PlyCount "92"]
[EventDate "2013.07.27"]

1. e4 c5 2. Nc3 d6 3. f4 g6 4. Nf3 Bg7 5. d4 cxd4 6. Nxd4 a6 7. Be3 Nf6 8. Be2
Qc7 9. Bf3 O-O 10. g4 e5 11. Nb3 exf4 12. Bxf4 Re8 13. O-O Qb6+ 14. Kh1 Be6 15.
g5 Nfd7 16. Qxd6 Qxd6 17. Bxd6 Bxc3 18. bxc3 Nc6 19. Nd4 Nce5 20. Be2 Bc4 21.
Rf4 Rac8 22. a4 Bxe2 23. Nxe2 Nc4 24. Rd1 Ndb6 25. Rd4 Nxa4 26. Bb4 Nab6 27.
Rf6 Re5 28. h4 Rce8 29. Ng3 Kg7 30. Bd6 Nxd6 31. Rfxd6 R5e6 32. h5 h6 33. gxh6+
Kxh6 34. hxg6 fxg6 35. Nf5+ Kg5 36. Rxe6 Rxe6 37. Nd6 Kf4 38. Nxb7 Rc6 39. Na5
Rc5 40. Nb3 Rc6 41. Na5 Rc5 42. Nb3 Rb5 43. c4 Rh5+ 44. Kg2 Na4 45. Rd6 Rg5+
46. Kf1 Nc5 1/2-1/2

[Event "Politiken Cup 2013"]
[Site "Helsingør "]
[Date "2013.07.28"]
[Round "2.28"]
[White "Jepsen, Thomas Tange"]
[Black "Argandona Riveiro, Inigo"]
[Result "0-1"]
[WhiteElo "2079"]
[BlackElo "2388"]
[PlyCount "64"]
[EventDate "2013.07.27"]

1. d4 g6 2. c4 Bg7 3. Nc3 d6 4. e4 Nc6 5. Be3 e5 6. d5 Nce7 7. g4 f5 8. gxf5
gxf5 9. Qh5+ Kf8 10. Bg5 h6 11. Bh4 Qe8 12. Be2 Bf6 13. Qxe8+ Kxe8 14. Nf3 Ng6
15. Bxf6 Nxf6 16. Rg1 Nf4 17. Nd2 a6 18. f3 Nh3 19. Rg7 Kf8 20. Rxc7 Ne8 21.
Rxc8 Rxc8 22. exf5 Rg8 23. O-O-O Rg2 24. Nde4 Nf2 25. Rd2 Nxe4 26. Nxe4 Ke7 27.
b4 Nf6 28. Rc2 Nxd5 29. c5 dxc5 30. bxc5 Nf6 31. Nd6 Rc7 32. h4 Rxe2 0-1

[Event "Politiken Cup 2013"]
[Site "Helsingør "]
[Date "2013.07.28"]
[Round "2.29"]
[White "Carlstedt, Jonathan"]
[Black "Bruun, Henrik Emil"]
[Result "1-0"]
[WhiteElo "2387"]
[BlackElo "2078"]
[PlyCount "57"]
[EventDate "2013.07.27"]

1. c4 g6 2. g3 Bg7 3. Bg2 Nf6 4. Nc3 O-O 5. e4 d6 6. Nge2 c5 7. a3 Nc6 8. Rb1
Be6 9. d3 a6 10. b4 Qc8 11. h3 Nd7 12. O-O Nd4 13. Bg5 Re8 14. bxc5 Nxc5 15.
Nxd4 Bxd4 16. Ne2 Bg7 17. d4 f6 18. dxc5 fxg5 19. cxd6 exd6 20. Qd2 Bxc4 21. e5
Rxe5 22. Bxb7 Qe8 23. Bxa8 Rxe2 24. Qxd6 Re6 25. Bd5 Bxd5 26. Qxd5 Kh8 27. Rb8
Qxb8 28. Qxe6 h6 29. Qxg6 1-0

[Event "Politiken Cup 2013"]
[Site "Helsingør "]
[Date "2013.07.28"]
[Round "2.30"]
[White "Hinrichs, Jan"]
[Black "Carstensen, Jacob"]
[Result "0-1"]
[WhiteElo "2072"]
[BlackElo "2384"]
[PlyCount "80"]
[EventDate "2013.07.27"]

1. d4 Nf6 2. c4 e6 3. g3 d5 4. Nf3 Bb4+ 5. Bd2 Be7 6. Bg2 O-O 7. Nc3 c6 8. b3
b6 9. O-O Ba6 10. cxd5 cxd5 11. Ne5 Nfd7 12. Nxd5 exd5 13. Nxf7 Rxf7 14. Bxd5
Nc6 15. Bxc6 Rc8 16. Bd5 Nf6 17. Bxf7+ Kxf7 18. Be3 Nd5 19. Qb1 Kg8 20. Qf5
Bxe2 21. Rfc1 Ba6 22. Qe6+ Kh8 23. Rxc8 Bxc8 24. Qf7 Qg8 25. Qxg8+ Kxg8 26. a3
a5 27. b4 a4 28. Rc1 Ba6 29. h4 Kf7 30. Kg2 Ke6 31. Kf3 Bb7 32. Ke2 b5 33. Kd3
Kd7 34. Kd2 Nb6 35. Kd3 Bd5 36. Bf4 Nc4 37. Rc3 Ke6 38. Bc1 Bf3 39. Bf4 Kd5 40.
Bg5 Be4+ 0-1

[Event "Politiken Cup 2013"]
[Site "Helsingør "]
[Date "2013.07.28"]
[Round "2.31"]
[White "Tari, Aryan"]
[Black "Jensen, Michael Agermose"]
[Result "1-0"]
[WhiteElo "2383"]
[BlackElo "2066"]
[PlyCount "69"]
[EventDate "2013.07.27"]

1. e4 c5 2. Nf3 d6 3. d4 cxd4 4. Nxd4 Nf6 5. Nc3 g6 6. Be3 Bg7 7. f3 Nc6 8. Qd2
O-O 9. O-O-O Bd7 10. g4 Rc8 11. h4 Ne5 12. h5 Qa5 13. Nb3 Qc7 14. Be2 b5 15.
hxg6 b4 16. gxh7+ Kh8 17. Nd5 Nxd5 18. exd5 a5 19. Nd4 b3 20. axb3 a4 21. f4
axb3 22. fxe5 Qa7 23. Nxb3 Qa4 24. Bd4 dxe5 25. Bc3 Rxc3 26. Qxc3 Rc8 27. Qe3
e4 28. Rd4 Qa2 29. Rh3 Ba4 30. Kd2 Qxb2 31. Rxa4 Rxc2+ 32. Ke1 Rc8 33. Kf2 f5
34. gxf5 Rf8 35. Qxe4 1-0

[Event "Politiken Cup 2013"]
[Site "Helsingør "]
[Date "2013.07.28"]
[Round "2.32"]
[White "Jorgensen, Rasmus"]
[Black "Aabling-Thomsen, Jakob"]
[Result "0-1"]
[WhiteElo "2064"]
[BlackElo "2370"]
[PlyCount "44"]
[EventDate "2013.07.27"]

1. c4 Nf6 2. g3 e5 3. Bg2 Nc6 4. Nc3 Bc5 5. Nf3 O-O 6. O-O Re8 7. d3 h6 8. a3
a5 9. e3 d6 10. b3 Bd7 11. Bb2 Qc8 12. Rc1 Bh3 13. Nd5 Nxd5 14. Bxh3 Qxh3 15.
cxd5 Ne7 16. e4 Ng6 17. Rc4 b5 18. Rc2 f5 19. exf5 Qxf5 20. d4 e4 21. Ne5 Bb6
22. Qg4 Rxe5 0-1

[Event "Politiken Cup 2013"]
[Site "Helsingør "]
[Date "2013.07.28"]
[Round "2.33"]
[White "Nilssen, John Arni"]
[Black "Schmied, Andreas"]
[Result "1-0"]
[WhiteElo "2353"]
[BlackElo "2063"]
[PlyCount "79"]
[EventDate "2013.07.27"]

1. d4 Nf6 2. c4 c5 3. d5 b5 4. cxb5 a6 5. b6 d6 6. Nc3 Nbd7 7. a4 Qxb6 8. a5
Qa7 9. e4 g6 10. f4 Bg7 11. Bc4 O-O 12. Nge2 Rb8 13. Qd3 Ng4 14. b3 f5 15. exf5
gxf5 16. h3 Nh6 17. Be3 Nf6 18. O-O Kh8 19. Ra2 Nhg8 20. Ng3 Nh6 21. Bf2 Rg8
22. Re1 Bf8 23. Ree2 Ne8 24. Na4 Nc7 25. Nb6 Rxb6 26. axb6 Qxb6 27. b4 Nb5 28.
bxc5 dxc5 29. d6 Nxd6 30. Bxg8 Nxg8 31. Qc3+ Bg7 32. Qxc5 Qb1+ 33. Kh2 Bd7 34.
Bd4 Bb5 35. Rab2 Qd1 36. Bxg7+ Kxg7 37. Qe5+ Kf8 38. Red2 Qa4 39. Nxf5 Nxf5 40.
Qxf5+ 1-0